| 000 | 00377 a2200145 4500 | ||
|---|---|---|---|
| 999 |
_c317470 _d317470 |
||
| 001 | 82397 | ||
| 003 | NUST | ||
| 005 | 20180119192715.0 | ||
| 008 | 180119b xxu||||| |||| 00| 0 eng d | ||
| 020 | _a9780199063222 | ||
| 082 | _a954.91053/LOD | ||
| 100 |
_aMaleeha Lodhi _99136 |
||
| 245 |
_aPakistan Beyond the Crisis State _hEnglish |
||
| 260 |
_aKarachi _bOxford University Press _c2011 |
||
| 300 | _axxv + 391 | ||
| 500 | _aGeneral Book | ||
| 942 |
_acae nust _cBK _k954.91053/LOD _2ddc |
||